000 00664nam a2200205Ia 4500
001 8455
003 GE_BSU
008 181216s||||||||xx |||||||||||||| ||und||
040 _cGE_BSU
080 _a82–93:821.353.1-11
100 _aვაჟა-ფშაველა
245 _aგიგლია: პოემა
245 _cრედ.: ლოლა ქადაგიშვილი; მხატვ.:ლევან ცუცქირიძე.
260 _aთბილისი.
260 _bნაკადული.
260 _c1980.
300 _a15 გვ; 27 სმ.ილ;
653 _aგიგლია: პოემა
942 _cBK
999 _c41774
_d41774